Управление индустрией туризма: учебное пособие для вузов

Xehetasun bibliografikoak
Egile nagusia: Чудновский А. Д. Алексей Данилович
Egile korporatiboa: Государственный университет управления, Институт туризма и развития рынка
Beste egile batzuk: Жукова М. А. Марина Александровна, Сенин В. С. Виль Савельевич
Gaia:Анализируются современное состояние мирового и российского туристских рынков, особенности туристского продукта, отличающие его от других товаров. Дается характеристика современного потребителя и его требо ваний к туристскому продукту. Рассматривается организация управления туристским комплексом на разных уровнях как в России, так и за рубежом. Описаны основные функции туристской организации по формированию туристского продукта, его продвижению и сбыту. Особое внимание уделяется вопросам взаимовыгодного сотрудничества туристских фирм и организаций — поставщиков услуг, поскольку туристский продукт создается усилиями многих организаций, каждая из которых имеет собственные методы работы, специфические потребности и свои коммерческие цели. От координации деятельности всех партнеров по формированию туристского продукта зависит его конкурентоспособность и соответственно эффективность работы всех организаций, участвующих в его создании. Для студентов, аспирантов, преподавателей вузов и слушателей системы послевузовского образования, а также для специалистов организаций, работающих в индустрии туризма.
Hizkuntza:errusiera
Argitaratua: Москва, КноРус, 2006
Edizioa:3-е изд., стер.
Gaiak:
Formatua: Liburua
KOHA link:https://koha.lib.tpu.ru/cgi-bin/koha/opac-detail.pl?biblionumber=109799

MARC

LEADER 00000nam0a2200000 4500
001 109799
005 20231101214908.0
010 |a 5859715331 
035 |a (RuTPU)RU\TPU\book\118568 
090 |a 109799 
100 |a 20070214d2006 m y0rusy50 ca 
101 0 |a rus 
102 |a RU 
105 |a y j 001zy 
200 1 |a Управление индустрией туризма  |e учебное пособие для вузов  |f А. Д. Чудновский, М. А. Жукова, В. С. Сенин  |g Государственный университет управления; Институт туризма и развития рынка 
205 |a 3-е изд., стер. 
210 |a Москва  |c КноРус  |d 2006 
215 |a 437 с. 
320 |a Библиогр.: с. 436-437. 
330 |a Анализируются современное состояние мирового и российского туристских рынков, особенности туристского продукта, отличающие его от других товаров. Дается характеристика современного потребителя и его требо ваний к туристскому продукту. Рассматривается организация управления туристским комплексом на разных уровнях как в России, так и за рубежом. Описаны основные функции туристской организации по формированию туристского продукта, его продвижению и сбыту. Особое внимание уделяется вопросам взаимовыгодного сотрудничества туристских фирм и организаций — поставщиков услуг, поскольку туристский продукт создается усилиями многих организаций, каждая из которых имеет собственные методы работы, специфические потребности и свои коммерческие цели. От координации деятельности всех партнеров по формированию туристского продукта зависит его конкурентоспособность и соответственно эффективность работы всех организаций, участвующих в его создании. Для студентов, аспирантов, преподавателей вузов и слушателей системы послевузовского образования, а также для специалистов организаций, работающих в индустрии туризма. 
606 1 |a Туризм  |x Экономика  |2 stltpush  |3 (RuTPU)RU\TPU\subj\53770  |9 71935 
610 1 |a экономика 
610 1 |a туризм 
610 1 |a туристическая индустрия 
610 1 |a управление 
610 1 |a туристский комплекс 
610 1 |a туристские фирмы 
610 1 |a туристские услуги 
610 1 |a маркетинговая деятельность 
610 1 |a персонал 
610 1 |a учебные пособия 
686 |a У9(2)43я73  |v LBC/SL-A  |2 rubbk 
700 1 |a Чудновский  |b А. Д.  |g Алексей Данилович 
701 1 |a Жукова  |b М. А.  |g Марина Александровна 
701 1 |a Сенин  |b В. С.  |g Виль Савельевич 
712 0 2 |a Государственный университет управления  |2 stltpush  |3 (RuTPU)RU\TPU\col\23 
712 0 2 |a Институт туризма и развития рынка  |2 stltpush  |3 (RuTPU)RU\TPU\col\10611  |9 24874 
801 1 |a RU  |b 63413507  |c 20070214  |g PSBO 
801 2 |a RU  |b 63413507  |c 20170320  |g PSBO 
900 |a Туризм и гостиничное хозяйство 
900 |a Маркетинг в социально-культурном сервисе и туризме 
942 |c BK 
952 |b 030602